KENDİNİ BİLEN RABBİNİ BİLİR (Record no. 982812)
[ view plain ]
| 000 -LEADER | |
|---|---|
| sabit uzunluktaki kontrol alanı | 00256nam a2200097Ia 4500 |
| 001 - KONTROL NUMARASI | |
| kontrol alanı | 982812 |
| 005 - EN SON İŞLEMİN TARİH VE ZAMANI | |
| kontrol alanı | 20250826220954.0 |
| 008 - SABİT-UZUNLUKTA VERİ ÖĞELERİ--GENEL BİLGİ | |
| sabit uzunluktaki kontrol alanı | 250824s9999 xx 000 0 und d |
| 245 #0 - ESER / YAZAR | |
| ESER ADI | KENDİNİ BİLEN RABBİNİ BİLİR |
| Yazar Adı | UĞUR KOŞAR |
| 260 ## - YAYIN, DAĞITIM, VB. | |
| YAYIN EVİ | DESTEK YAYINLARI |
| Düşüm durumu | Kayıp durumu | Hasar Durumu | Ödünç verilmez | Ana kütüphane | Geçerli Kütüphane | Edinilen tarih | Toplam ödünç verme sayısı | Barkod | Son görüntüleme tarihi | Fiyatın geçerli olmaya başladığı tarih | Koha materyal türü |
|---|---|---|---|---|---|---|---|---|---|---|---|
| REBİİ KARATEKİN ORTAOKULU | REBİİ KARATEKİN ORTAOKULU | 24.08.2025 | 10114044 | 26.08.2025 | 26.08.2025 | Books |